Pokémon - Antagonistes - Mars (D/P/Pt) - Statistiques

Statistiques générales
  • Ce quiz a été pris 19 fois
  • Le résultat moyen est 75 sur 104
Statistiques - réponses
Hint Réponse % Correct
Type Normal
100%
Type Poison
100%
Type Acier
92%
Type Psy
92%
Niv (D/P) 14
85%
Niv (Pt) 17
85%
Niv (D/P) 37
85%
Niv (Pt) 38
85%
Niv (D/P) 39
85%
Niv (Pt) 40
85%
Niv (D/P) 41
85%
Niv (D/P) 42
85%
Niv (Pt) 44
85%
Niv (D/P) 45
85%
Niv (Pt) 46
85%
Type Vol
85%
Niv (Pt) 15
77%
Niv (D/P) 16
77%
Niv 58
77%
Niv 60
77%
| Chaffreux
77%
Capacités Griffe
77%
Capacités Gyroballe
77%
| Nosferalto
77%
Nosferapti
77%
Capacités Onde Folie
77%
Capacités Toxik
77%
Capacités Tranch'Air
77%
Capacités Vampirisme
77%
Capacités Aéropique
69%
Archéomire
69%
Capacités Crochetvenin
69%
Capacités Feinte
69%
Capacités Griffe Ombre
69%
Capacités Morsure
69%
Capacités Tranche
69%
Archéodong
62%
Objet Baie Oran
62%
Objet Baie Sitrus
62%
Talent Lévitation
62%
Capacités Mur de Fer
62%
Capacités Mur Lumière
62%
Talent Attention
54%
Capacités Extrasenseur
54%
Capacités Ultrason
54%
Capacités Bluff
38%
Capacités Hypnose
38%
Talent Isograisse
23%
Aucun quiz correspondant
Distribution des résultats
% des personnes avec chaque résultat
Percentile par nombre de réponses
Votre historique - résultats
Vous n’avez pas pris ce quiz